Radicante /
Guardado en:
| Autor Principal: | |
|---|---|
| Otros Autores: | |
| Formato: | Libro |
| Publicado: |
Buenos Aires :
Adriana Hidalgo,
2009
|
| Materias: | |
| Etiquetas: |
Agregar Etiqueta
Sin Etiquetas, Sea el primero en etiquetar este registro!
|
| LEADER | 00645nam a22002055a 4500 | ||
|---|---|---|---|
| 001 | EHU.bham042421 | ||
| 008 | 130507s2009##################000#0#####d | ||
| 005 | 20250102104518.0 | ||
| 245 | 1 | 0 | |a Radicante / |c Nicolas Bourriaud ; trad. por Michèle Guillemont. |
| 260 | |a Buenos Aires : |b Adriana Hidalgo, |c 2009 | ||
| 300 | |a 223 p. | ||
| 020 | |a 9789871556120 | ||
| 100 | 1 | |a Bourriaud, Nicolas | |
| 700 | 1 | |a Guillemont, Michèle, trad. | |
| 082 | 7 | 0 | |a 707 |
| 653 | |a Arte-teoría del | ||
| 653 | |a Arte-multiculturalismo | ||
| 653 | |a Arte-posmodernismo | ||
| 653 | |a Globalización cultural | ||
| 859 | |a AR-BHAM |b BIB. HUMANIDADES - General |h 707 |i B667 |p 14.14 |t Ej.1 | ||
